000 00723cam a2200289 4500
008 090401t1998 xxu||||| |||| 00| 0 eng d
020 _a0070159149
035 _a(Sirsi) u86967
041 _aeng
050 _a526.9
100 _aAnderson, James M.
245 _aSurveying theory and practice.
250 _a7th ed.
260 _aBoston, MA
_bWCB McGraw-Hill
_c1998
300 _axxix,1167p. : ill. ; 24cm.
350 _a64.99
650 _aASTRONOMY
650 _aGLOBAL POSITIONING SYSTEMS
650 _aLAND SURVEYING
650 _aMAPPING
650 _aMeasurement
_96256
650 _aSURVEYING
690 _aLAND SURVEYING
700 _aMikhail, Edward M
942 _n0
948 _c23/06/1998
999 _c97196
_d97196